[Event "ChBLR2012m"]
[Site "?"]
[Date "2012.01.18"]
[Round "6.3"]
[White "Grib, Roman"]
[Black "Kocheev, Alexandr"]
[Result "1/2-1/2"]
[WhiteElo "2303"]
[BlackElo "2353"]
[PlyCount "113"]
[EventDate "2012.01.13"]
[SourceDate "2012.01.13"]

1. d4 d5 2. Nf3 Nf6 3. c4 c6 4. Nc3 g6 5. e3 Bg7 6. h3 Bf5 7. cxd5 cxd5 8. Qb3
Bc8 9. Bb5+ Nc6 10. Ne5 Qd6 11. Qa3 Qe6 12. Na4 O-O 13. Nc5 Qd6 14. Bxc6 bxc6
15. Bd2 Ne8 16. Bb4 Qc7 17. Ba5 Qd6 18. Ncd3 Qxa3 19. bxa3 Bf5 20. Nb4 Bxe5 21.
dxe5 Rc8 22. Rc1 Bd7 23. O-O Ng7 24. Rc2 f6 25. Rfc1 fxe5 26. Nxc6 Bxc6 27.
Rxc6 Rxc6 28. Rxc6 d4 29. Rc7 Nf5 30. exd4 exd4 31. Bb4 Rd8 32. g4 Ng7 33. Bxe7
Rd5 34. Kf1 a6 35. Ra7 Ne6 36. Rxa6 Kf7 37. Bb4 h5 38. Ra7+ Kf6 39. Ra6 Ke5 40.
gxh5 gxh5 41. Bd2 d3 42. a4 Nd4 43. Ke1 Nf3+ 44. Kd1 Ng1 45. Rh6 Ke4 46. a5 Nf3
47. a6 Nxd2 48. Kxd2 Ra5 49. Re6+ Kd4 50. Rd6+ Ke4 51. f3+ Kxf3 52. Rxd3+ Kg2
53. a3 Rxa6 54. Kc2 h4 55. Kb3 Rg6 56. a4 Rg3 57. Rxg3+ 1/2-1/2

[Event "ChBLR2012m"]
[Site "?"]
[Date "2012.01.18"]
[Round "6.4"]
[White "Stupak, Kirill"]
[Black "Zhuck, Sergei"]
[Result "1-0"]
[WhiteElo "2515"]
[BlackElo "2341"]
[PlyCount "47"]
[EventDate "2012.01.13"]
[SourceDate "2012.01.13"]

1. d4 Nf6 2. g3 d5 3. Nf3 e6 4. Bg2 c5 5. c4 Nc6 6. O-O Be7 7. cxd5 Nxd5 8.
dxc5 Bxc5 9. Qc2 Qe7 10. a3 O-O 11. e4 Nb6 12. e5 Nd4 13. Nxd4 Bxd4 14. Qe4 Rd8
15. Nc3 Qc5 16. Bf4 Bxc3 17. Rac1 Nd5 18. Bg5 Re8 19. bxc3 b5 20. a4 h6 21. Bd2
bxa4 22. c4 Nc7 23. Qc6 Qe7 24. Ba5 1-0

[Event "ChBLR2012m"]
[Site "?"]
[Date "2012.01.18"]
[Round "6.5"]
[White "Lomako, Pavel"]
[Black "Zhigalko, Sergei"]
[Result "0-1"]
[WhiteElo "2385"]
[BlackElo "2658"]
[PlyCount "126"]
[EventDate "2012.01.13"]
[SourceDate "2012.01.13"]

1. d4 Nf6 2. Nf3 e6 3. Bg5 h6 4. Bh4 g5 5. Bg3 Nh5 6. e3 d6 7. Nfd2 Nxg3 8.
hxg3 Bg7 9. Bd3 Qe7 10. c3 Nd7 11. Qe2 Nf6 12. Na3 Bd7 13. Nac4 b5 14. Na5 Rb8
15. b4 c5 16. bxc5 dxc5 17. Ne4 c4 18. Nxf6+ Bxf6 19. Nxc4 bxc4 20. Bxc4 Qa3
21. O-O Qxc3 22. Rac1 Qa3 23. Qf3 Ke7 24. d5 Rhc8 25. Rcd1 exd5 26. Bxd5 Be8
27. Bb3 Rc3 28. Qf5 Qc5 29. Rd5 Qc7 30. Qh7 Rc1 31. Rxc1 Qxc1+ 32. Kh2 Qc6 33.
e4 Bc3 34. Rd3 Qf6 35. Rf3 Qg7 36. Qf5 Be5 37. Bd5 a5 38. Ra3 a4 39. f4 Bd6 40.
Rd3 Bd7 41. Qxf7+ Qxf7 42. Bxf7 gxf4 43. gxf4 Bxf4+ 44. g3 Rb2+ 45. Kg1 Bxg3
46. Rxg3 Kxf7 47. Rd3 Ke7 48. Re3 h5 49. e5 h4 50. e6 Bc6 51. Rc3 Bd5 52. a3
Rb3 53. Rc7+ Kxe6 54. Rh7 h3 55. Kh2 Rxa3 56. Rh6+ Ke5 57. Rh5+ Kd4 58. Rh4+
Kc5 59. Rh5 Rd3 60. Rh7 a3 61. Ra7 a2 62. Rc7+ Kb4 63. Rc8 Rd2+ 0-1

[Event "ChBLR2012m"]
[Site "?"]
[Date "2012.01.18"]
[Round "6.6"]
[White "Kovalev, Vladislav"]
[Black "Gorovets, Andrey"]
[Result "0-1"]
[WhiteElo "2453"]
[BlackElo "2428"]
[PlyCount "126"]
[EventDate "2012.01.13"]
[SourceDate "2012.01.13"]

1. e4 c5 2. Nf3 e6 3. Nc3 a6 4. d4 cxd4 5. Nxd4 Qc7 6. Bd3 Nf6 7. O-O Bc5 8.
Be3 d6 9. Qe2 O-O 10. a4 b6 11. f4 Bb7 12. Kh1 Nbd7 13. Rae1 Rfe8 14. Bg1 e5
15. fxe5 Rxe5 16. Qf3 Nf8 17. Nf5 Bxg1 18. Kxg1 Qc5+ 19. Kh1 Re6 20. Nd5 Bxd5
21. exd5 Rxe1 22. Rxe1 Qb4 23. c3 Qxb2 24. Nxd6 Ng6 25. Rb1 Qa3 26. Nc4 Qxc3
27. Nxb6 Re8 28. d6 Qd4 29. d7 Nxd7 30. Nxd7 Qxd7 31. Bxg6 hxg6 32. Rf1 Qf5 33.
Qd1 Qe6 34. h3 Qc4 35. a5 Qe2 36. Qc1 f6 37. Rd1 Kh7 38. Rf1 Re5 39. Qb1 Rg5
40. Rg1 Rxa5 41. Re1 Qa2 42. Qe4 Qa4 43. Qd3 Qb5 44. Qg3 Qg5 45. Qf3 Re5 46.
Ra1 a5 47. Qf2 Rc5 48. Qd4 Rc1+ 49. Rxc1 Qxc1+ 50. Kh2 Qg5 51. Kh1 Qb5 52. Qh4+
Kg8 53. Qe4 Qf1+ 54. Kh2 Qf5 55. Qc4+ Kh7 56. Kh1 Qb1+ 57. Kh2 Qb4 58. Qa6 a4
59. Qa8 a3 60. Qd5 Qb8+ 61. Kh1 Qb1+ 62. Kh2 a2 63. Qc4 Qb8+ 0-1

[Event "ChBLR2012m"]
[Site "?"]
[Date "2012.01.19"]
[Round "7.1"]
[White "Gorovets, Andrey"]
[Black "Teterev, Vitaly"]
[Result "1-0"]
[WhiteElo "2428"]
[BlackElo "2538"]
[PlyCount "93"]
[EventDate "2012.01.13"]
[SourceDate "2012.01.13"]

1. d4 Nf6 2. Bg5 e6 3. e4 h6 4. Bxf6 Qxf6 5. Nc3 d6 6. Qd2 c6 7. Nge2 e5 8. f4
Be7 9. g3 Bd8 10. Bg2 O-O 11. O-O-O Qe7 12. h4 exf4 13. gxf4 f5 14. e5 d5 15.
h5 Be6 16. Rdg1 Nd7 17. Nd1 Nb6 18. Ne3 Qd7 19. Bh3 Nc8 20. Rg3 Rf7 21. Ng1 Ne7
22. Nf3 Bb6 23. Rhg1 Rc8 24. Qg2 g6 25. hxg6 Rg7 26. Kb1 c5 27. c3 cxd4 28.
Nxd4 Bxd4 29. cxd4 Qb5 30. Qd2 Rc6 31. Bf1 Qb6 32. Rh1 Nxg6 33. Rxh6 Ne7 34.
Qh2 Rxg3 35. Qxg3+ Kf7 36. Qh4 Ke8 37. Rh7 Rc7 38. Qh5+ Kd7 39. Qg5 Kd8 40.
Rh8+ Kd7 41. Rh7 Kd8 42. Qf6 Qc6 43. Qf8+ Qe8 44. Rh8 Ng8 45. Qxe8+ Kxe8 46.
Bd3 Kf8 47. Bxf5 1-0

[Event "ChBLR2012m"]
[Site "?"]
[Date "2012.01.19"]
[Round "7.2"]
[White "Zhigalko, Sergei"]
[Black "Kovalev, Vladislav"]
[Result "1-0"]
[WhiteElo "2658"]
[BlackElo "2453"]
[PlyCount "79"]
[EventDate "2012.01.13"]
[SourceDate "2012.01.13"]

1. d4 Nf6 2. c4 g6 3. Nc3 Bg7 4. e4 d6 5. Nf3 O-O 6. h3 e5 7. d5 Nh5 8. g3 f5
9. exf5 gxf5 10. Ng5 Nf6 11. g4 Qe7 12. Qc2 e4 13. gxf5 Bxf5 14. Be3 Na6 15.
O-O-O Kh8 16. Nb5 Nb4 17. Qb3 Nd3+ 18. Bxd3 exd3 19. Nd4 Ne4 20. Nxf5 Rxf5 21.
Nxe4 Qxe4 22. Qxd3 Re8 23. Rhg1 Qxd3 24. Rxd3 a6 25. b3 Be5 26. Kd1 Rh5 27. Bd2
Rf5 28. f4 Bf6 29. Re3 Rxe3 30. Bxe3 c6 31. dxc6 bxc6 32. Ke2 d5 33. cxd5 cxd5
34. Kd3 d4 35. Bd2 Rh5 36. Rg3 Rb5 37. b4 Bg7 38. Rg5 Rb6 39. a4 Kg8 40. h4 1-0

[Event "ChBLR2012m"]
[Site "?"]
[Date "2012.01.18"]
[Round "7.3"]
[White "Zhuck, Sergei"]
[Black "Lomako, Pavel"]
[Result "1/2-1/2"]
[WhiteElo "2341"]
[BlackElo "2385"]
[PlyCount "23"]
[EventDate "2012.01.13"]
[SourceDate "2012.01.13"]

1. c4 Nf6 2. Nc3 e6 3. e4 d5 4. e5 d4 5. exf6 dxc3 6. bxc3 Qxf6 7. Nf3 e5 8. d4
exd4 9. Bg5 Qe6+ 10. Be2 Be7 11. Bxe7 d3 12. O-O 1/2-1/2

[Event "ChBLR2012m"]
[Site "?"]
[Date "2012.01.18"]
[Round "7.4"]
[White "Kocheev, Alexandr"]
[Black "Stupak, Kirill"]
[Result "0-1"]
[WhiteElo "2353"]
[BlackElo "2515"]
[PlyCount "78"]
[EventDate "2012.01.13"]
[SourceDate "2012.01.13"]

1. e4 e6 2. d4 d5 3. Nc3 Nf6 4. Bg5 Be7 5. e5 Ne4 6. Bxe7 Qxe7 7. a3 Nxc3 8.
bxc3 b6 9. Nf3 O-O 10. Bd3 Ba6 11. Bxa6 Nxa6 12. Qd3 Nb8 13. O-O Nc6 14. c4
dxc4 15. Qxc4 Na5 16. Qd3 c5 17. c3 Rfd8 18. Rfd1 Rac8 19. h4 h6 20. Qe4 Qb7
21. Qf4 cxd4 22. cxd4 Qe7 23. h5 Rc4 24. Rac1 Qxa3 25. g4 Qe7 26. Rxc4 Nxc4 27.
g5 hxg5 28. Nxg5 f6 29. exf6 Qxf6 30. Qxf6 gxf6 31. Nxe6 Rd5 32. Kg2 Rxh5 33.
d5 Nd6 34. Nf4 Rh7 35. Re1 Rd7 36. Re6 Kf7 37. Kf3 Nb5 38. Ke4 Nc3+ 39. Kd4
Nxd5 0-1

[Event "ChBLR2012m"]
[Site "?"]
[Date "2012.01.18"]
[Round "7.5"]
[White "Zhigalko, Andrey"]
[Black "Grib, Roman"]
[Result "1-0"]
[WhiteElo "2576"]
[BlackElo "2303"]
[PlyCount "85"]
[EventDate "2012.01.13"]
[SourceDate "2012.01.13"]

1. e4 e5 2. Nf3 Nc6 3. Bb5 a6 4. Ba4 Nf6 5. O-O Be7 6. Re1 b5 7. Bb3 O-O 8. h3
d6 9. c3 Nd7 10. d4 Bf6 11. d5 Ne7 12. a4 Bb7 13. axb5 axb5 14. Rxa8 Qxa8 15.
Na3 Ba6 16. Be3 c6 17. dxc6 Qxc6 18. Nc2 Bb7 19. Nb4 Qc8 20. Qxd6 Bxe4 21. Ng5
Bg6 22. Rd1 Nb8 23. g4 Kh8 24. Nd5 Nxd5 25. Qxd5 h6 26. Ne4 Bxe4 27. Qxe4 Qc6
28. Rd5 Nd7 29. Qd3 e4 30. Qxb5 Qxb5 31. Rxb5 Ne5 32. Bd5 Rc8 33. Bxe4 Nc4 34.
Bf4 g5 35. Bg3 Rd8 36. Rb4 Rd1+ 37. Kg2 Ne5 38. b3 Nd7 39. c4 Nc5 40. Bf5 Bd4
41. Rb8+ Kg7 42. Rd8 Nxb3 43. Bc2 1-0

[Event "ChBLR2012m"]
[Site "?"]
[Date "2012.01.18"]
[Round "7.6"]
[White "Bulanov, Dmitri"]
[Black "Fedorov, Alexei"]
[Result "0-1"]
[WhiteElo "2387"]
[BlackElo "2579"]
[PlyCount "63"]
[EventDate "2012.01.13"]
[SourceDate "2012.01.13"]

1. e4 c5 2. Nf3 Nc6 3. d4 cxd4 4. Nxd4 Qb6 5. Nb3 Nf6 6. Nc3 e6 7. Be3 Qc7 8.
Bd3 d6 9. Qd2 a6 10. f3 b5 11. O-O-O Rb8 12. g4 b4 13. Ne2 Ne5 14. Nbd4 d5 15.
Ng3 dxe4 16. Nxe4 Nd5 17. Bf2 g6 18. g5 Bg7 19. Bg3 O-O 20. Rhe1 Qa5 21. Nb3
Qxa2 22. Nf6+ Nxf6 23. gxf6 Nxd3+ 24. Qxd3 Bh6+ 25. f4 Bb7 26. Re5 Bd5 27. Rxd5
exd5 28. Qf1 Rfc8 29. Rd3 Rc4 30. Qh3 Bf8 31. f5 Rbc8 32. Qg2 0-1

[Event "ChBLR2012m"]
[Site "?"]
[Date "2012.01.19"]
[Round "8.6"]
[White "Gorovets, Andrey"]
[Black "Zhigalko, Sergei"]
[Result "1/2-1/2"]
[WhiteElo "2428"]
[BlackElo "2658"]
[PlyCount "22"]
[EventDate "2012.01.13"]
[SourceDate "2012.01.13"]

1. c4 e5 2. Nc3 Nc6 3. Nf3 Nf6 4. d4 exd4 5. Nxd4 Bb4 6. Bg5 h6 7. Bh4 O-O 8.
Rc1 g5 9. Bg3 Ne4 10. e3 d6 11. Bd3 Bxc3+ 1/2-1/2

[Event "ChBLR2012m"]
[Site "?"]
[Date "2012.01.19"]
[Round "8.4"]
[White "Lomako, Pavel"]
[Black "Kocheev, Alexandr"]
[Result "1/2-1/2"]
[WhiteElo "2385"]
[BlackElo "2353"]
[PlyCount "44"]
[EventDate "2012.01.13"]
[SourceDate "2012.01.13"]

1. d4 Nf6 2. Nf3 d5 3. c4 c6 4. cxd5 cxd5 5. Nc3 Nc6 6. Bf4 e6 7. e3 Be7 8. h3
O-O 9. Bd3 Bd7 10. O-O Rc8 11. Rc1 a6 12. Ne5 b5 13. Nxc6 Rxc6 14. Ne2 Rxc1 15.
Nxc1 Qa5 16. Bb1 Rc8 17. Nb3 Qb6 18. Qd2 Rc4 19. Rc1 Bb4 20. Qd1 a5 21. Bd3 Rc6
22. Rxc6 Bxc6 1/2-1/2

[Event "ChBLR2012m"]
[Site "?"]
[Date "2012.01.19"]
[Round "8.5"]
[White "Kovalev, Vladislav"]
[Black "Zhuck, Sergei"]
[Result "1-0"]
[WhiteElo "2453"]
[BlackElo "2341"]
[PlyCount "45"]
[EventDate "2012.01.13"]
[SourceDate "2012.01.13"]

1. e4 e5 2. Nf3 Nc6 3. d4 exd4 4. Nxd4 Bc5 5. Be3 Qf6 6. c3 Nge7 7. g3 O-O 8.
Bg2 Ne5 9. O-O Rd8 10. Nd2 d6 11. h3 Bb6 12. Qe2 N5c6 13. Nb5 Rd7 14. Bxb6 axb6
15. f4 Nd8 16. Nc4 Qg6 17. g4 Nec6 18. b4 f6 19. Ne3 Qf7 20. Nd5 Ne6 21. Qc4
Nf8 22. Qb3 Rb8 23. Ndxc7 1-0

[Event "ChBLR2012m"]
[Site "?"]
[Date "2012.01.19"]
[Round "8.3"]
[White "Stupak, Kirill"]
[Black "Zhigalko, Andrey"]
[Result "1/2-1/2"]
[WhiteElo "2515"]
[BlackElo "2576"]
[PlyCount "80"]
[EventDate "2012.01.13"]
[SourceDate "2012.01.13"]

1. c4 Nf6 2. Nf3 g6 3. b3 Bg7 4. Bb2 d6 5. e3 O-O 6. Be2 e5 7. d4 Nbd7 8. Nc3
Re8 9. Qc2 c6 10. h3 a5 11. Ba3 exd4 12. exd4 Nf8 13. O-O d5 14. Rad1 Bf5 15.
Bd3 Bxd3 16. Qxd3 Ne4 17. Rfe1 Nxc3 18. Rxe8 Qxe8 19. Qxc3 Ne6 20. Bd6 dxc4 21.
Qxc4 Rd8 22. Be5 Bxe5 23. Nxe5 Rd5 24. Nf3 Qd7 25. Qc3 Qd6 26. Rd2 h5 27. h4
Rf5 28. Re2 Qd5 29. Re5 Rxe5 30. dxe5 b6 31. Qd2 Qe4 32. Ng5 Qd4 33. Qxd4 Nxd4
34. Kf1 Kf8 35. Ke1 Ke7 36. Kd2 Ne6 37. Ne4 Nf4 38. g3 Nd5 39. Ng5 f6 40. exf6+
Kxf6 1/2-1/2

[Event "ChBLR2012m"]
[Site "?"]
[Date "2012.01.19"]
[Round "8.1"]
[White "Teterev, Vitaly"]
[Black "Fedorov, Alexei"]
[Result "0-1"]
[WhiteElo "2538"]
[BlackElo "2579"]
[PlyCount "96"]
[EventDate "2012.01.13"]
[SourceDate "2012.01.13"]

1. e4 c5 2. c3 Nf6 3. e5 Nd5 4. Nf3 Nc6 5. d4 cxd4 6. Bc4 Nb6 7. Bb3 d5 8. exd6
Qxd6 9. O-O Be6 10. Na3 Bxb3 11. Qxb3 Rc8 12. Rd1 Qd5 13. c4 Qc5 14. Ng5 e6 15.
Qf3 Qf5 16. Qxf5 exf5 17. b3 Bc5 18. Bb2 O-O 19. Nc2 Rfd8 20. Nf3 Rd6 21. Rd2
Rcd8 22. Rad1 Nd7 23. Nfxd4 Nf6 24. f3 a5 25. a3 Nd7 26. Kf1 Nde5 27. f4 Ng4
28. h3 Nf6 29. Nf3 Rxd2 30. Rxd2 Rxd2 31. Nxd2 Nh5 32. Be5 Kf8 33. Ke2 Nxe5 34.
fxe5 Nf4+ 35. Kf1 Nd3 36. Nf3 Ke7 37. g3 g6 38. g4 Ke6 39. Ng5+ Kxe5 40. Nxf7+
Kf6 41. Nd8 b6 42. Ke2 Nc1+ 43. Kd2 Nxb3+ 44. Kc3 Nc1 45. Kd2 Na2 46. Nb7 Bf8
47. c5 Bxc5 48. Nxc5 bxc5 0-1

[Event "ChBLR2012m"]
[Site "?"]
[Date "2012.01.19"]
[Round "8.2"]
[White "Grib, Roman"]
[Black "Bulanov, Dmitri"]
[Result "1/2-1/2"]
[WhiteElo "2303"]
[BlackElo "2387"]
[PlyCount "49"]
[EventDate "2012.01.13"]
[SourceDate "2012.01.13"]

1. c4 Nf6 2. Nf3 g6 3. g3 Bg7 4. Bg2 O-O 5. O-O d6 6. Nc3 e5 7. d3 c6 8. Rb1 a5
9. a3 h6 10. b4 axb4 11. axb4 Be6 12. Bb2 Nbd7 13. b5 Qe7 14. Nd2 d5 15. Qb3
Rfc8 16. Rfc1 Bf8 17. cxd5 cxd5 18. Nxd5 Bxd5 19. Bxd5 Nc5 20. Rxc5 Rxc5 21.
Bc4 Rcc8 22. Nf3 Nd7 23. Nh4 Qf6 24. f4 Bc5+ 25. Kg2 1/2-1/2

[Event "ChBLR2012m"]
[Site "?"]
[Date "2012.01.20"]
[Round "9.1"]
[White "Zhigalko, Sergei"]
[Black "Teterev, Vitaly"]
[Result "1/2-1/2"]
[WhiteElo "2658"]
[BlackElo "2538"]
[PlyCount "38"]
[EventDate "2012.01.13"]
[SourceDate "2012.01.13"]

1. e4 c5 2. Nf3 Nc6 3. Bb5 g6 4. Bxc6 bxc6 5. O-O Bg7 6. Re1 Nh6 7. c3 O-O 8.
d4 cxd4 9. cxd4 d5 10. e5 f6 11. h3 Nf7 12. Bf4 g5 13. exf6 exf6 14. Bh2 Bf5
15. Nc3 Qa5 16. Qe2 Rfd8 17. a3 Bf8 18. Rac1 Kg7 19. Nd1 Qb6 1/2-1/2

[Event "ChBLR2012m"]
[Site "?"]
[Date "2012.01.20"]
[Round "9.5"]
[White "Bulanov, Dmitri"]
[Black "Stupak, Kirill"]
[Result "1/2-1/2"]
[WhiteElo "2387"]
[BlackElo "2515"]
[PlyCount "39"]
[EventDate "2012.01.13"]
[SourceDate "2012.01.13"]

1. e4 e6 2. d4 d5 3. Nc3 Nf6 4. e5 Nfd7 5. Nce2 c5 6. c3 Nc6 7. a3 b5 8. f4
cxd4 9. Nxd4 Nxd4 10. cxd4 b4 11. a4 Qa5 12. b3 Be7 13. Bd3 Ba6 14. Ne2 f5 15.
O-O O-O-O 16. Be3 Kb7 17. Qd2 h6 18. Rac1 Rc8 19. Rxc8 Rxc8 20. Rc1 1/2-1/2

[Event "ChBLR2012m"]
[Site "?"]
[Date "2012.01.20"]
[Round "9.4"]
[White "Zhigalko, Andrey"]
[Black "Lomako, Pavel"]
[Result "1-0"]
[WhiteElo "2576"]
[BlackElo "2385"]
[PlyCount "105"]
[EventDate "2012.01.13"]
[SourceDate "2012.01.13"]

1. e4 c6 2. d4 d5 3. e5 c5 4. dxc5 e6 5. Nf3 Bxc5 6. a3 Ne7 7. Bd3 Ng6 8. O-O
Nc6 9. b4 Be7 10. Re1 f6 11. Bxg6+ hxg6 12. Qd3 Kf7 13. Bb2 b6 14. c4 Bb7 15.
Qe2 dxc4 16. exf6 Bxf6 17. Qxe6+ Kf8 18. Bc3 Rh5 19. Qxc4 Qd5 20. Qg4 Ne5 21.
Bxe5 Bxe5 22. Rxe5 Rxe5 23. Nc3 Qe6 24. Nxe5 Qxe5 25. Qg3 Re8 26. Qxe5 Rxe5 27.
Rd1 Ke7 28. h3 Rg5 29. Re1+ Kd6 30. Ne4+ Bxe4 31. Rxe4 a5 32. Kf1 Kd5 33. f3
Re5 34. bxa5 bxa5 35. Rg4 g5 36. Kf2 Kc5 37. a4 Kd5 38. Kg3 Rf5 39. Re4 Kc5 40.
Kg4 Rd5 41. Kh5 Rd2 42. Rg4 Rd4 43. Rxg5+ Kb4 44. Rxg7 Kxa4 45. g4 Rf4 46. g5
Rxf3 47. h4 Kb3 48. Rb7+ Kc4 49. Ra7 Kb4 50. g6 Rg3 51. Kh6 a4 52. h5 a3 53. g7
1-0

[Event "ChBLR2012m"]
[Site "?"]
[Date "2012.01.20"]
[Round "9.3"]
[White "Kocheev, Alexandr"]
[Black "Kovalev, Vladislav"]
[Result "0-1"]
[WhiteElo "2353"]
[BlackElo "2453"]
[PlyCount "114"]
[EventDate "2012.01.13"]
[SourceDate "2012.01.13"]

1. e4 e5 2. Nf3 Nc6 3. Bc4 Nf6 4. Ng5 d5 5. exd5 Na5 6. Bb5+ c6 7. dxc6 bxc6 8.
Qf3 Rb8 9. Bd3 Be7 10. Nc3 O-O 11. Bf5 Ba6 12. d3 g6 13. Bh3 Kg7 14. Be6 Qe8
15. Qe3 c5 16. O-O Nc6 17. Bb3 Qd7 18. Nge4 Ng4 19. Qh3 f5 20. Ng5 Bxg5 21.
Bxg5 h6 22. Bd2 g5 23. Rad1 Nd4 24. Rfe1 Bb7 25. Ne2 Rbe8 26. Nxd4 exd4 27. f4
Ne3 28. fxg5 hxg5 29. Qh5 Rf6 30. Rxe3 Rxe3 31. Bxe3 dxe3 32. Qxg5+ Rg6 33.
Qxe3 Rxg2+ 34. Kf1 f4 35. Qe5+ Kg6 36. Be6 Qd4 37. Qxd4 cxd4 38. Re1 Rxh2 39.
Re2 Rh1+ 40. Kf2 Rh2+ 41. Ke1 Rh1+ 42. Kf2 f3 43. Re1 Rh2+ 44. Kg3 Rg2+ 45. Kf4
Rxc2 46. Bf5+ Kf6 47. Rb1 Rd2 48. Bh7 f2 49. Kg3 Kg7 50. Bf5 Rxb2 51. Rc1 Rxa2
52. Bh3 Kf6 53. Kf4 Bd5 54. Rb1 Re2 55. Rf1 a5 56. Bg4 Bg2 57. Rb1 Re1 0-1

[Event "ChBLR2012m"]
[Site "?"]
[Date "2012.01.20"]
[Round "9.2"]
[White "Zhuck, Sergei"]
[Black "Gorovets, Andrey"]
[Result "1/2-1/2"]
[WhiteElo "2341"]
[BlackElo "2428"]
[PlyCount "156"]
[EventDate "2012.01.13"]
[SourceDate "2012.01.13"]

1. c4 g6 2. Nf3 Bg7 3. d4 c5 4. e4 d6 5. d5 Nf6 6. Nc3 O-O 7. Bd3 Bg4 8. h3
Bxf3 9. Qxf3 e6 10. O-O exd5 11. exd5 Nfd7 12. Bd2 Na6 13. Rfc1 f5 14. Qg3 Qf6
15. Bf4 Nc7 16. Re1 Ne5 17. Re2 Rae8 18. Rae1 h6 19. h4 Nf7 20. Rxe8 Rxe8 21.
Rxe8+ Nxe8 22. Be3 Ne5 23. Be2 Nf7 24. Bd3 Bf8 25. Qh3 Ng7 26. g3 Ne5 27. Be2
Kh7 28. Kf1 Be7 29. Kg1 Bf8 30. Kf1 Qd8 31. Kg1 Qb6 32. Bc1 Qd8 33. Be3 Be7 34.
Qf1 Bf6 35. Qc1 Nf7 36. Bd3 Qe7 37. Kf1 Be5 38. Kg2 Qf6 39. Bd2 Nh5 40. Be2 Ng7
41. Bd3 Bd4 42. Be2 a6 43. Qc2 Qe7 44. Kf1 Kg8 45. b3 Qf6 46. Kg2 g5 47. hxg5
hxg5 48. Qc1 g4 49. Bd1 Ne5 50. Qc2 Qg6 51. Ne2 Qh7 52. Ng1 Nh5 53. Bg5 Qg6 54.
Qd2 Nf7 55. Be3 Be5 56. Bc2 Nf6 57. Qa5 Ne4 58. Qc7 Bd4 59. Bxe4 fxe4 60. Qxb7
Bxe3 61. fxe3 Qg5 62. Qxa6 Kh7 63. Qc8 Qxe3 64. Qf5+ Kg7 65. Qxg4+ Kf8 66. Ne2
Ke7 67. Nf4 Qd2+ 68. Kh3 Qe1 69. Qe6+ Kf8 70. Kg4 Qh1 71. Kf5 Qh7+ 72. Ng6+ Kg7
73. Qf6+ Kg8 74. Ke6 e3 75. Ne7+ Kf8 76. Nf5 Kg8 77. Ne7+ Kf8 78. Ng6+ Kg8
1/2-1/2

[Event "ChBLR2012m"]
[Site "?"]
[Date "2012.01.20"]
[Round "9.6"]
[White "Fedorov, Alexei"]
[Black "Grib, Roman"]
[Result "1/2-1/2"]
[WhiteElo "2579"]
[BlackElo "2303"]
[PlyCount "140"]
[EventDate "2012.01.13"]
[SourceDate "2012.01.13"]

1. e4 c5 2. Nf3 d6 3. Bc4 Nf6 4. d3 g6 5. e5 dxe5 6. Nxe5 e6 7. Bb5+ Nfd7 8.
Qf3 Qe7 9. Bg5 Qxg5 10. Bxd7+ Nxd7 11. Qxf7+ Kd8 12. Qxd7+ Bxd7 13. Nf7+ Ke7
14. Nxg5 Bc6 15. O-O Bg7 16. Nc3 Bxc3 17. bxc3 h6 18. Nh3 Rhf8 19. Rfe1 Rf5 20.
c4 g5 21. f3 Rg8 22. Nf2 h5 23. h3 Rg6 24. Re2 Rf7 25. Rae1 Rf5 26. Nh1 g4 27.
fxg4 hxg4 28. Ng3 Rf3 29. Kh2 Rf8 30. h4 Rh6 31. h5 Kd6 32. Kg1 b6 33. Re5 Rg8
34. c3 Bb7 35. d4 Ba6 36. dxc5+ bxc5 37. R5e4 Kd7 38. Rf4 Rh7 39. Ne4 Kc7 40.
Nf6 Rf8 41. Rxe6 Bc8 42. Ree4 Rhf7 43. Nd5+ Kd6 44. Kf2 Bf5 45. Re1 Be6 46.
Rxf7 Bxf7 47. Kg3 Bxh5 48. Rh1 Rf5 49. Ne3 Re5 50. Kf4 Bg6 51. Nxg4 Re4+ 52.
Kf3 Re6 53. Rh6 Be4+ 54. Kg3 Rxh6 55. Nxh6 Bd3 56. Kf4 Bxc4 57. a3 Be2 58. Nf5+
Kc6 59. g4 Kb5 60. g5 Bh5 61. Ke3 Ka4 62. Ng3 Bg6 63. Ne4 Kb3 64. a4 a5 65.
Nxc5+ Kxc3 66. Nb7 Kb4 67. Kd4 Kxa4 68. Kc5 Be4 69. Kb6 Kb4 70. Nxa5 Bh7
1/2-1/2

[Event "ChBLR2012m"]
[Site "?"]
[Date "2012.01.21"]
[Round "10.1"]
[White "Teterev, Vitaly"]
[Black "Grib, Roman"]
[Result "1-0"]
[WhiteElo "2538"]
[BlackElo "2303"]
[PlyCount "141"]
[EventDate "2012.01.13"]
[SourceDate "2012.01.13"]

1. Nf3 c5 2. e4 Nc6 3. Bb5 g6 4. O-O Bg7 5. c3 Qb6 6. Na3 a6 7. Ba4 Qc7 8. d4
b5 9. Bc2 b4 10. Nc4 bxc3 11. bxc3 cxd4 12. cxd4 Nf6 13. Rb1 a5 14. Nb6 Rb8 15.
Nxc8 Rxc8 16. Rb5 O-O 17. e5 Ne8 18. Bb3 Qa7 19. Be3 Qa6 20. a4 Nc7 21. Bc4 Qa8
22. Rb3 d6 23. exd6 exd6 24. Qd2 Nb4 25. Rc1 Ncd5 26. Rbb1 Nxe3 27. Qxe3 Qa7
28. h4 Qd7 29. Qf4 d5 30. Bb5 Qe7 31. Ne5 Rxc1+ 32. Rxc1 Qd6 33. h5 Qf6 34.
Qxf6 Bxf6 35. Nd7 Bg5 36. Rc7 Ra8 37. hxg6 hxg6 38. g3 Rd8 39. Ne5 Rf8 40. Rd7
Bf6 41. f4 Rd8 42. Rc7 Rf8 43. Kf1 Kg7 44. Ke2 Bd8 45. Rb7 Bf6 46. Rd7 Kg8 47.
Ra7 Rc8 48. Rxa5 Rc2+ 49. Kf3 Rc3+ 50. Kg2 Nc2 51. Ra8+ Kg7 52. Ra7 Bxe5 53.
dxe5 Kf8 54. a5 Nd4 55. Bd7 Ra3 56. a6 Nb3 57. Bb5 Nc5 58. g4 Ra5 59. Be2 Ra2
60. Kf1 Ra4 61. Ra8+ Kg7 62. Kg2 Ra2 63. Kf3 Ra3+ 64. Kf2 Ra4 65. f5 gxf5 66.
gxf5 Nxa6 67. Rxa6 Rf4+ 68. Ke3 Rxf5 69. Kd4 Rf2 70. Bb5 Rf5 71. Rb6 1-0

[Event "ChBLR2012m"]
[Site "?"]
[Date "2012.01.21"]
[Round "10.2"]
[White "Stupak, Kirill"]
[Black "Fedorov, Alexei"]
[Result "1/2-1/2"]
[WhiteElo "2515"]
[BlackElo "2579"]
[PlyCount "37"]
[EventDate "2012.01.13"]
[SourceDate "2012.01.13"]

1. d4 Nf6 2. g3 c5 3. d5 e6 4. c4 exd5 5. cxd5 d6 6. Nc3 g6 7. Bg2 Bg7 8. Nf3
O-O 9. O-O Re8 10. Nd2 a6 11. a4 Nbd7 12. h3 Rb8 13. Nc4 Ne5 14. Na3 Nh5 15. e4
Bd7 16. a5 Qxa5 17. g4 Nf6 18. f4 Nexg4 19. hxg4 1/2-1/2

[Event "ChBLR2012m"]
[Site "?"]
[Date "2012.01.21"]
[Round "10.3"]
[White "Lomako, Pavel"]
[Black "Bulanov, Dmitri"]
[Result "1/2-1/2"]
[WhiteElo "2385"]
[BlackElo "2387"]
[PlyCount "26"]
[EventDate "2012.01.13"]
[SourceDate "2012.01.13"]

1. d4 Nf6 2. Nf3 d5 3. c4 e6 4. e3 c5 5. Nc3 Nc6 6. a3 cxd4 7. Nxd4 Be7 8. cxd5
exd5 9. Be2 O-O 10. O-O Re8 11. b3 Bc5 12. Ncb5 Ne5 13. Nf3 Nxf3+ 1/2-1/2

[Event "ChBLR2012m"]
[Site "?"]
[Date "2012.01.21"]
[Round "10.5"]
[White "Gorovets, Andrey"]
[Black "Kocheev, Alexandr"]
[Result "1-0"]
[WhiteElo "2428"]
[BlackElo "2353"]
[PlyCount "89"]
[EventDate "2012.01.13"]
[SourceDate "2012.01.13"]

1. c4 Nf6 2. Nc3 d5 3. cxd5 Nxd5 4. g3 c5 5. Bg2 Nc7 6. Qb3 Nc6 7. Bxc6+ bxc6
8. Qa4 e5 9. Nf3 f6 10. b3 Bd7 11. Ba3 Nb5 12. Ne4 Qb6 13. O-O Nxa3 14. Qxa3
Qb4 15. Qxb4 cxb4 16. Rac1 Rc8 17. Nc5 Bg4 18. Kg2 Be7 19. Rc4 Bxf3+ 20. Kxf3
Bxc5 21. Rxc5 Kd7 22. Rfc1 Rc7 23. R1c4 Kd6 24. Ke4 g6 25. f4 f5+ 26. Kf3 exf4
27. gxf4 Re8 28. d4 Re4 29. e3 h6 30. Rxb4 Rce7 31. Re5 g5 32. Ra4 gxf4 33.
exf4 Re1 34. Rxe7 Rxe7 35. Ra5 Rf7 36. h4 Ke6 37. Re5+ Kd6 38. h5 Rf8 39. Ra5
Rf7 40. Ke3 Ke6 41. Re5+ Kd6 42. Kd3 Rf8 43. Kc4 Rf7 44. Ra5 Ke6 45. Ra6 1-0

[Event "ChBLR2012m"]
[Site "?"]
[Date "2012.01.21"]
[Round "10.6"]
[White "Zhigalko, Sergei"]
[Black "Zhuck, Sergei"]
[Result "1-0"]
[WhiteElo "2658"]
[BlackElo "2341"]
[PlyCount "49"]
[EventDate "2012.01.13"]
[SourceDate "2012.01.13"]

1. d4 d5 2. c4 e6 3. Nc3 Be7 4. Bf4 Nf6 5. e3 O-O 6. Nf3 b6 7. cxd5 Nxd5 8.
Nxd5 Qxd5 9. Bd3 Na6 10. a3 Bb7 11. O-O Bd6 12. e4 Qh5 13. Bxd6 cxd6 14. Rc1
Nb8 15. Rc7 Ba6 16. Qe2 Qa5 17. Rfc1 d5 18. e5 h6 19. g4 Bxd3 20. Qxd3 Na6 21.
R7c3 g6 22. Nh4 g5 23. Nf3 b5 24. Rc6 Nb8 25. Rxe6 1-0